000 00571nam a2200217Ia 4500
003 OSt
005 20230427170136.0
008 210423s2000 xx 000 0 und d
020 _a8122200818
040 _cAL
041 _aeng
082 _a615.532 PANM
100 _aPANOS (Maesimund B);HEIMLICH (Jane).
_994454
245 _aComplete book of family homeopathic medicine.
260 _aNew Delhi
_bOrient Paperback
_c2000
300 _a182
_bPB
365 _b110
_cINR
650 _aPharmacology
_994455
906 _ahomeopathic ; medicine.
942 _2ddc
_cBK
999 _c162769
_d162769